[Event "Niederbayernliga 1011"]
[Site "Germany"]
[Date "2010.12.12"]
[Round "4.5"]
[White "Fesl, Michael"]
[Black "Haider, Andreas"]
[Result "1/2-1/2"]
[WhiteElo "1626"]
[BlackElo "1530"]
[PlyCount "81"]
[EventDate "2010.10.10"]
[EventType "team-tourn"]
[EventRounds "9"]
[EventCountry "GER"]
[SourceTitle "EXT 2012"]
[Source "ChessBase"]
[SourceDate "2011.11.24"]
[SourceVersion "1"]
[SourceVersionDate "2011.11.24"]
[SourceQuality "1"]
[WhiteTeam "Schaibing"]
[BlackTeam "Aham"]
[WhiteTeamCountry "GER"]
[BlackTeamCountry "GER"]

1. d4 g6 2. e4 Bg7 3. f4 d5 4. e5 Nh6 5. Nf3 Bg4 6. Bd3 Nc6 7. c3 0-0 8. h3 Bxf3 9. Qxf3 e6 10. Be3 f5 11. exf6 Bxf6 12. 0-0 Nf5 13. Nd2 Qd6 14. g4 Nh4 15. Qe2 g5 16. Rae1 Be7 17. Bf2 Rxf4 18. Bxh4 Rxf1+ 19. Nxf1 gxh4 20. Qxe6+ Qxe6 21. Rxe6 Bg5 22. Nh2 Rf8 23. Kg2 Kf7 24. Re2 Kg7 25. Nf3 h6 26. Re6 Rf6 27. Nxg5 hxg5 28. Rxf6 Kxf6 29. Kf2 b6 30. Ke3 Ne7 31. b3 Ke6 32. Kd2 Kd6 33. b4 c5 34. a3 c4 35. Bf1 a6 36. Ke3 Ng6 37. Kd2 Nf4 38. Kc2 Kc6 39. a4 Ne6 40. Kd2 Nc7 41. Bg2 1/2-1/2

[Event "Niederbayernliga 1011"]
[Site "Germany"]
[Date "2010.10.24"]
[Round "2.6"]
[White "Gehann, Paul"]
[Black "Fesl, Michael"]
[Result "1/2-1/2"]
[WhiteElo "1786"]
[BlackElo "1626"]
[PlyCount "68"]
[EventDate "2010.10.10"]
[EventType "team-tourn"]
[EventRounds "9"]
[EventCountry "GER"]
[SourceTitle "EXT 2012"]
[Source "ChessBase"]
[SourceDate "2011.11.24"]
[SourceVersion "1"]
[SourceVersionDate "2011.11.24"]
[SourceQuality "1"]
[WhiteTeam "Ergolding"]
[BlackTeam "Schaibing"]
[WhiteTeamCountry "GER"]
[BlackTeamCountry "GER"]

1. e4 c5 2. Nc3 Nc6 3. f4 e6 4. Nf3 d5 5. Bb5 Nge7 6. d3 a6 7. Bxc6+ Nxc6 8. a4 Be7 9. 0-0 0-0 10. Kh1 f5 11. e5 d4 12. Ne2 b6 13. Bd2 Bb7 14. b3 h6 15. Qe1 Kh7 16. Qg3 Rg8 17. Qh3 a5 18. Ng5+ Bxg5 19. fxg5 Nxe5 20. gxh6 g6 21. Qg3 Nf7 22. Nf4 e5 23. Ne6 Qe7 24. Ng5+ Nxg5 25. Bxg5 Qe6 26. Rae1 Rae8 27. Re2 Bd5 28. Rfe1 e4 29. Qc7+ Kh8 30. dxe4 fxe4 31. Rf2 Rc8 32. Qa7 Ra8 33. Qc7 Rac8 34. Qa7 Ra8 1/2-1/2

[Event "Niederbayernliga 0708"]
[Site "Germany"]
[Date "2007.12.09"]
[Round "4.7"]
[White "Mueller Stoy, Thomas"]
[Black "Fesl, Michael"]
[Result "1-0"]
[WhiteElo "1795"]
[BlackElo "1600"]
[PlyCount "105"]
[EventDate "2007.10.21"]
[EventType "team"]
[EventRounds "9"]
[EventCountry "GER"]
[SourceTitle "EXT 2009"]
[Source "ChessBase"]
[SourceDate "2008.11.26"]
[SourceVersion "1"]
[SourceVersionDate "2008.11.26"]
[SourceQuality "1"]
[WhiteTeam "Rottal II"]
[BlackTeam "Schaibing"]
[WhiteTeamCountry "GER"]
[BlackTeamCountry "GER"]

1. e4 g6 2. d4 Bg7 3. Be3 d6 4. Qd2 Nf6 5. f3 0-0 6. Bd3 Nbd7 7. Ne2 e5 8. c3 c6 9. a4 Qc7 10. Na3 Rd8 11. 0-0 Nf8 12. dxe5 dxe5 13. Qc2 Be6 14. Rad1 Rd7 15. Rd2 Rad8 16. Rfd1 b6 17. Bc4 Rxd2 18. Rxd2 Rxd2 19. Qxd2 Bxc4 20. Nxc4 Ne8 21. Bf2 Ne6 22. b4 Bf8 23. Bg3 f6 24. f4 Bh6 25. h3 Nxf4 26. Bxf4 Bxf4 27. Nxf4 exf4 28. Qd4 c5 29. Qd5+ Qf7 30. bxc5 Qxd5 31. exd5 bxc5 32. Nb2 Nc7 33. c4 g5 34. Nd3 Na6 35. Kf2 Kf7 36. Kf3 f5 37. Ne5+ Kf6 38. Nc6 Nb4 39. Nxa7 Ke5 40. Nb5 h5 41. a5 g4+ 42. hxg4 fxg4+ 43. Kf2 h4 44. Nc7 h3 45. gxh3 gxh3 46. Kf3 h2 47. Kg2 f3+ 48. Kxh2 Ke4 49. Kg1 Ke3 50. Kf1 f2 51. d6 Kf3 52. Nd5 Nc2 53. d7 1-0

[Event "Niederbayernliga 0708 playoff"]
[Site "Germany"]
[Date "2007.04.27"]
[Round "?"]
[White "Hartl, Manfred"]
[Black "Fesl, Michael"]
[Result "0-1"]
[WhiteElo "1769"]
[BlackElo "1600"]
[PlyCount "112"]
[EventDate "2007.04.27"]
[EventType "team"]
[EventRounds "1"]
[EventCountry "GER"]
[SourceTitle "EXT 2009"]
[Source "ChessBase"]
[SourceDate "2008.11.26"]
[SourceVersion "1"]
[SourceVersionDate "2008.11.26"]
[SourceQuality "1"]
[WhiteTeam "Grafenau"]
[BlackTeam "Schaibing"]
[WhiteTeamCountry "GER"]
[BlackTeamCountry "GER"]

1. d4 g6 2. Nf3 Bg7 3. e4 d6 4. Nc3 Nf6 5. Be2 0-0 6. 0-0 Bg4 7. h3 Bxf3 8. Bxf3 c6 9. Ne2 Nbd7 10. c3 Qc7 11. Bf4 e5 12. Bg3 b5 13. Qc2 Rfd8 14. Rfd1 Nf8 15. dxe5 dxe5 16. Rxd8 Rxd8 17. Rd1 Rxd1+ 18. Qxd1 Ne6 19. Qc2 c5 20. Bg4 Ng5 21. Bf3 Nxf3+ 22. gxf3 g5 23. Qd2 h6 24. Kg2 Qd7 25. Qxd7 Nxd7 26. h4 f6 27. hxg5 hxg5 28. Kf1 c4 29. b4 cxb3 30. axb3 a5 31. Ke1 Bf8 32. Kd2 Nb6 33. Kc2 Kf7 34. Kb2 Ke6 35. Kc2 Kd7 36. Kb2 Kc6 37. Bh2 Bc5 38. Bg3 b4 39. Kc2 bxc3 40. Kxc3 Bb4+ 41. Kd3 Kb5 42. Bh2 Be1 43. Bg3 Kb4 44. Kc2 Nd7 45. Nc1 Nc5 46. Na2+ Ka3 47. Nc1 Na6 48. Kd1 Bc3 49. Kc2 Bd4 50. Nd3 Nb4+ 51. Nxb4 Kxb4 52. Kd3 Kxb3 53. f4 a4 54. fxe5 fxe5 55. f4 gxf4 56. Bxf4 a3 0-1

[Event "Niederbayernliga 0708"]
[Site "Germany"]
[Date "2007.04.06"]
[Round "8.8"]
[White "Pfaeffinger, Georg"]
[Black "Fesl, Michael"]
[Result "1/2-1/2"]
[WhiteElo "1663"]
[BlackElo "1600"]
[PlyCount "65"]
[EventDate "2007.10.21"]
[EventType "team"]
[EventRounds "9"]
[EventCountry "GER"]
[SourceTitle "EXT 2009"]
[Source "ChessBase"]
[SourceDate "2008.11.26"]
[SourceVersion "1"]
[SourceVersionDate "2008.11.26"]
[SourceQuality "1"]
[WhiteTeam "Geiselhoering"]
[BlackTeam "Schaibing"]
[WhiteTeamCountry "GER"]
[BlackTeamCountry "GER"]

1. e4 g6 2. d4 Bg7 3. Nc3 d6 4. Be3 Nf6 5. f3 c6 6. Qd2 0-0 7. 0-0-0 Nbd7 8. g4 e5 9. Nce2 Qc7 10. Bh6 b5 11. Bxg7 Kxg7 12. h4 h5 13. gxh5 Nxh5 14. Bh3 Ndf6 15. Bxc8 Raxc8 16. Nh3 Rcd8 17. Rhg1 c5 18. d5 Rh8 19. Rdf1 b4 20. c4 bxc3 21. Nxc3 Qd7 22. Qg2 Rb8 23. f4 exf4 24. Nxf4 Nxf4 25. Rxf4 Nh5 26. Rf2 Rbe8 27. Rgf1 Rhf8 28. Qh2 Re5 29. Rf3 a6 30. Qf2 Re7 31. b3 Qe8 32. Qh2 Qd7 33. Qf2 1/2-1/2

[Event "Niederbayernliga 0708"]
[Site "Germany"]
[Date "2007.01.20"]
[Round "5.7"]
[White "Fesl, Michael"]
[Black "Haletzki, Bernd"]
[Result "1-0"]
[WhiteElo "1600"]
[BlackElo "1900"]
[PlyCount "69"]
[EventDate "2007.10.21"]
[EventType "team"]
[EventRounds "9"]
[EventCountry "GER"]
[SourceTitle "EXT 2009"]
[Source "ChessBase"]
[SourceDate "2008.11.26"]
[SourceVersion "1"]
[SourceVersionDate "2008.11.26"]
[SourceQuality "1"]
[WhiteTeam "Schaibing"]
[BlackTeam "Straubing"]
[WhiteTeamCountry "GER"]
[BlackTeamCountry "GER"]

1. d4 d5 2. Nf3 Nf6 3. e3 Bf5 4. c4 e6 5. Nc3 c6 6. Be2 Bd6 7. Nh4 Bg6 8. Nxg6 hxg6 9. f4 dxc4 10. Bxc4 Nh5 11. Qf3 Qh4+ 12. Qf2 Ng3 13. Rg1 Qxh2 14. Bd2 Nh1 15. Qf1 Qg3+ 16. Kd1 Nf2+ 17. Ke2 Ng4 18. Ne4 Qh4 19. Nxd6+ Kd7 20. Nxb7 Nh2 21. Qf2 Qg4+ 22. Ke1 Kc7 23. Nc5 a5 24. e4 Nd7 25. Nxd7 Kxd7 26. Be2 Qh4 27. Qxh4 Rxh4 28. Rc1 Rb8 29. b3 a4 30. b4 f5 31. e5 Ra8 32. Kf2 g5 33. g3 Ng4+ 34. Bxg4 Rxg4 35. Rh1 1-0